[Event "Monroe (MI Op/3/10)"]
[Site "?"]
[Date "1986.??.??"]
[Round "?"]
[White "Baudry, Pascal"]
[Black "Johnson, Ri"]
[Result "1-0"]
[WhiteElo "2105"]
[BlackElo "1990"]
[PlyCount "77"]
[EventDate "1986.??.??"]

{3/(10)} 1. e3 d5 2. f4 g6 3. Nf3 Bg7 4. Be2 Nd7 5. O-O c5 6. c4 e6 7. a4 Ne7
8. Na3 b6 9. Rb1 Nc6 10. cxd5 exd5 11. Bb5 Bb7 12. e4 O-O 13. Bxc6 Bxc6 14. e5
Qe7 15. d4 a6 16. Bd2 f6 17. Qc2 fxe5 18. fxe5 Qe6 19. b4 Rac8 20. a5 cxb4 21.
Bxb4 Bb5 22. Qb2 Bxf1 23. Bxf8 Bxf8 24. Rxf1 bxa5 25. Nc2 Qc6 26. Ne3 Be7 27.
Qa2 Nb6 28. Qxa5 Qb5 29. Qe1 Rf8 30. Ng4 Nc4 31. e6 Nd6 32. Qe5 h5 33. Nh6+ Kh7
34. Nf7 Nf5 35. N3g5+ Bxg5 36. Rxf5 gxf5 37. Qxf5+ Kg7 38. Qxg5+ Kh7 39. Qh6+
1-0

[Event "Warren (MCO/3/8)"]
[Site "?"]
[Date "1986.??.??"]
[Round "?"]
[White "Baudry, Pascal"]
[Black "Forte, Joe"]
[Result "1/2-1/2"]
[WhiteElo "2155"]
[BlackElo "1955"]
[PlyCount "84"]
[EventDate "1986.??.??"]

{3/(8)} 1. e3 d5 2. f4 Nf6 3. b3 g6 4. Bb2 Bg7 5. Nf3 c5 6. Bb5+ Bd7 7. a4 O-O
8. O-O a6 9. Bxd7 Nbxd7 10. a5 b5 11. axb6 Nxb6 12. d3 Qc8 13. c4 Rd8 14. Qe2
Qb7 15. Ne5 Nbd7 16. Nd2 Rac8 17. Ra2 Nb8 18. Rfa1 Rd6 19. Bc3 Nfd7 20. d4 Nxe5
21. fxe5 Rd7 22. dxc5 dxc4 23. Qxc4 Qd5 24. Qxd5 Rxd5 25. b4 Bxe5 26. e4 Bd4+
27. Kf1 Rdd8 28. Rc1 Nc6 29. Ke2 Bxc3 30. Rxc3 Nxb4 31. Ra4 Nc6 32. Rxa6 f6 33.
Nc4 Rc7 34. Nb6 e6 35. Ke3 f5 36. exf5 exf5 37. Ra8 Rxa8 38. Nxa8 Rc8 39. Nb6
Rc7 40. Nd5 Rc8 41. Kf4 Kg7 42. Rb3 Nd8 1/2-1/2

[Event "Monroe (MI Op/4/4)"]
[Site "?"]
[Date "1986.??.??"]
[Round "?"]
[White "Baudry, Pascal"]
[Black "Cooper, T.."]
[Result "1-0"]
[WhiteElo "2105"]
[BlackElo "2145"]
[PlyCount "71"]
[EventDate "1986.??.??"]

{4/(4)} 1. e3 g6 2. f4 Bg7 3. Nf3 d6 4. Be2 Nf6 5. b3 O-O 6. Bb2 Nbd7 7. O-O c6
8. a4 Qc7 9. Na3 e5 10. fxe5 dxe5 11. Nc4 Nd5 12. Ba3 c5 13. Ng5 h6 14. Ne4 f5
15. Ned6 N7b6 16. Nb5 Qe7 17. d4 exd4 18. exd4 Re8 19. Bf3 Ne3 20. Bxc5 Nxd1
21. Bxe7 Nxc4 22. Rfxd1 Ne3 23. Nc7 Nxd1 24. Rxd1 Rxe7 25. Nxa8 Rd7 26. c3 Kf8
27. Re1 Bf6 28. Be2 Re7 29. Kf2 f4 30. g3 fxg3+ 31. hxg3 Bg5 32. Bb5 Rf7+ 33.
Kg2 Bd7 34. Rf1 Bh3+ 35. Kxh3 Rxf1 36. Bxf1 $138 1-0

[Event "Warren (MCO/5/39)"]
[Site "?"]
[Date "1986.??.??"]
[Round "?"]
[White "Baptist, A.."]
[Black "Profit, Brian"]
[Result "0-1"]
[WhiteElo "1605"]
[BlackElo "1875"]
[PlyCount "62"]
[EventDate "1986.??.??"]

{5/(39)} 1. d4 Nf6 2. c4 c5 3. Nf3 cxd4 4. Qxd4 Nc6 5. Qd1 g6 6. Nc3 Bg7 7. e3
O-O 8. a3 d6 9. Be2 Be6 10. O-O Na5 11. Nd2 Rc8 12. b3 d5 13. b4 Nxc4 14. Nxc4
dxc4 15. Qxd8 Rfxd8 16. Bb2 Rd2 17. Ra2 Ne4 18. Bc1 Rxa2 19. Nxa2 c3 20. Bf3
Nd6 21. a4 Bxa2 22. Ba3 c2 23. b5 Nc4 24. Bc1 Bb2 25. Bxb7 Rc7 26. Bd5 Bxc1 27.
Rxc1 Bb3 28. Be4 Nd2 29. Bd3 Rc3 30. Be2 Bxa4 31. g3 Nb3 0-1

[Event "Warren (MCO/1/24)"]
[Site "?"]
[Date "1986.??.??"]
[Round "?"]
[White "Baptist, A.."]
[Black "Moody, David"]
[Result "0-1"]
[WhiteElo "1605"]
[BlackElo "2005"]
[PlyCount "46"]
[EventDate "1986.??.??"]

{1/(24)} 1. d4 Nf6 2. c4 c5 3. Nf3 e6 4. e3 d5 5. Nc3 Nc6 6. Bd2 Bd6 7. cxd5
exd5 8. Bb5 O-O 9. O-O Bg4 10. Be2 Ne4 11. dxc5 Bxc5 12. Nxe4 dxe4 13. Ne1 f5
14. Qb3+ Kh8 15. Bxg4 fxg4 16. Bc3 Bb6 17. Qe6 Qg5 18. Qxe4 Rae8 19. Qd3 g3 20.
hxg3 Rxe3 21. fxe3 Bxe3+ 22. Rf2 Rxf2 23. Nf3 Rxf3+ 0-1

[Event "Warren (MCO/3/34)"]
[Site "?"]
[Date "1986.??.??"]
[Round "?"]
[White "Baptist, A.."]
[Black "Lynch, W.."]
[Result "1/2-1/2"]
[WhiteElo "1605"]
[BlackElo "1785"]
[PlyCount "149"]
[EventDate "1986.??.??"]

{3/(34)} 1. d4 Nf6 2. c4 e6 3. Nc3 Bb4 4. Bd2 b6 5. Nf3 Bb7 6. e3 d6 7. Qa4+
Nc6 8. a3 Bxc3 9. bxc3 O-O 10. Qc2 Nb8 11. Be2 Nbd7 12. O-O c5 13. Rfe1 Ne4 14.
Bc1 Ndf6 15. Bd3 Qc7 16. Nd2 Nxd2 17. Bxd2 d5 18. f3 dxc4 19. Bxc4 cxd4 20.
cxd4 b5 21. Bd3 Qxc2 22. Bxc2 Rac8 23. Bd3 a6 24. Rac1 Bd5 25. e4 Bc4 26. Bb4
Rfd8 27. Bxc4 bxc4 28. Bc3 Nd7 29. e5 Nb6 30. Ba5 Rc6 31. Bxb6 Rxb6 32. Rxc4
Kf8 33. Rec1 Rb3 34. Ra4 Rb6 35. Kf2 Ke8 36. Kg3 Rd5 37. Rc5 Kd7 38. Rxd5+ exd5
39. h4 Kc6 40. Kf4 Kb5 41. Rb4+ Ka5 42. Rxb6 Kxb6 43. e6 fxe6 44. Ke5 Kb5 45.
Kxe6 Kc4 46. Ke5 a5 47. a4 Kb4 48. Kxd5 Kxa4 49. Ke6 Kb5 50. d5 a4 51. d6 a3
52. d7 a2 53. d8=Q a1=Q 54. Qd3+ Kc6 55. Qd7+ Kc5 56. Qc7+ Kb4 57. Qe5 Qa2+ 58.
Kf5 Qxg2 59. Qe4+ Kc5 60. Ke6 Qa2+ 61. Ke7 Qa7+ 62. Kf8 Kd6 63. Qf4+ Ke6 64.
Qg4+ Kd5 65. Qxg7 Qa3+ 66. Kg8 Ke6 67. Kxh7 Qxf3 68. Qg8+ Ke7 69. h5 Qf7+ 70.
Qg7 Ke8 71. h6 Ke7 72. Kh8 Ke8 73. Qe5+ Kf8 74. Qb8+ Ke7 75. Qe5+ 1/2-1/2

[Event "Monroe (MI Op/4/17)"]
[Site "?"]
[Date "1986.??.??"]
[Round "?"]
[White "Balkany, A.."]
[Black "Rogan, M.."]
[Result "0-1"]
[WhiteElo "1830"]
[BlackElo "2060"]
[PlyCount "54"]
[EventDate "1986.??.??"]

{4/(17)} 1. Nc3 d5 2. d4 Nf6 3. e4 dxe4 4. f3 exf3 5. Nxf3 g6 6. Bc4 Bg7 7. O-O
O-O 8. Qe1 Bf5 9. Qh4 Bxc2 10. Rf2 Bf5 11. Bh6 Bxh6 12. Qxh6 Ng4 13. Qh4 Nxf2
14. Kxf2 Nc6 15. Re1 Kg7 16. a3 e5 17. Qg3 exd4 18. Ne4 Bxe4 19. Rxe4 Qd6 20.
Qh4 Qf6 21. Qh3 Rae8 22. Rh4 h5 23. g4 Ne5 24. Bd5 Nxf3 25. Bxf3 Re3 26. gxh5
Rxf3+ 27. Qxf3 Qxh4+ 0-1

[Event "Monroe (MI Op/1a/9)"]
[Site "?"]
[Date "1986.??.??"]
[Round "?"]
[White "Balkany, A.."]
[Black "Finegold, Mark"]
[Result "1/2-1/2"]
[WhiteElo "1830"]
[BlackElo "2110"]
[PlyCount "71"]
[EventDate "1986.??.??"]

1. Nc3 c5 2. Nf3 Nc6 3. d4 cxd4 4. Nxd4 Nf6 5. e4 e6 6. Be3 Bb4 7. Bd3 d5 8.
Nxc6 bxc6 9. e5 Bxc3+ 10. bxc3 Ne4 11. Bxe4 dxe4 12. Qxd8+ Kxd8 13. O-O-O+ Ke8
14. Bc5 Bd7 15. Rd6 Rb8 16. Rhd1 Rb7 17. R1d4 h5 18. Rxe4 h4 19. Rg4 Rh7 20.
Ra4 Rh5 21. f4 f6 22. Re4 Rb5 23. Bxa7 fxe5 24. fxe5 Ke7 25. a4 Rbxe5 26. Rdd4
Reg5 27. Rxh4 Rxh4 28. Rxh4 Rxg2 29. a5 Bc8 30. Bb8 Ba6 31. Bg3 Rg1+ 32. Kb2
Rd1 33. Rg4 Rd5 34. Bc7 g5 35. Kb3 Kf6 36. Rb4 1/2-1/2

[Event "Monroe (MI Op/3/16)"]
[Site "?"]
[Date "1986.??.??"]
[Round "?"]
[White "Bailey, Greg"]
[Black "Thurman, John"]
[Result "1-0"]
[WhiteElo "2065"]
[BlackElo "1845"]
[PlyCount "89"]
[EventDate "1986.??.??"]

{3/(16)} 1. d4 Nf6 2. g3 e6 3. Bg2 d5 4. c4 Be7 5. cxd5 exd5 6. Nc3 O-O 7. Nf3
c6 8. Qd3 Bg4 9. O-O Nbd7 10. Be3 Re8 11. Nh4 Nf8 12. f3 Bd7 13. Nf5 Bxf5 14.
Qxf5 Qd7 15. Qd3 Bb4 16. Bf2 Qe7 17. Rfe1 Rad8 18. a3 Bxc3 19. bxc3 a6 20. c4
N8d7 21. c5 Nf8 22. Rab1 Qc7 23. Rb2 Ne6 24. Reb1 Re7 25. e3 Qc8 26. g4 Rde8
27. Bh4 g5 28. Bg3 Nd8 29. Re1 h6 30. h3 Re6 31. h4 Nh7 32. Kf2 Qd7 33. Rbe2
gxh4 34. Bxh4 Ng5 35. Rh1 Rg6 36. Bg3 Kg7 37. Be5+ f6 38. Bg3 Kf7 39. Qf5 Qe6
40. Bc7 Kg7 41. Rb1 Qe7 42. Bxd8 Rxd8 43. Reb2 Rd7 44. Qxd7 Qxd7 45. Rxb7 1-0

[Event "Dearborn (MEX/2)"]
[Site "Dearborn"]
[Date "1986.??.??"]
[Round "?"]
[White "Bailey, Greg"]
[Black "Smith, Walt"]
[Result "0-1"]
[WhiteElo "2115"]
[BlackElo "2005"]
[PlyCount "150"]
[EventDate "1986.??.??"]

1. e4 c5 2. Nf3 d6 3. Nc3 Nc6 4. g3 g6 5. Bg2 Bg7 6. O-O e6 7. d3 Nge7 8. Be3
O-O 9. Qd2 Nd4 10. Bh6 Nec6 11. Nxd4 Nxd4 12. Bxg7 Kxg7 13. f4 Qb6 14. Na4 Qb4
15. Qxb4 cxb4 16. Rf2 b5 17. c3 bxa4 18. cxd4 Ba6 19. Rd1 Rac8 20. d5 exd5 21.
e5 dxe5 22. fxe5 d4 23. Rf6 Bb5 24. Bd5 Rc5 25. Rd6 Rc2 26. Bc4 Bxc4 27. dxc4
Rxb2 28. Rd7 Rxa2 29. e6 b3 30. e7 Re8 31. Rb7 b2 32. Rf1 Ra1 33. Rxb2 Rxf1+
34. Kxf1 Rxe7 35. c5 Rc7 36. Ra2 Rxc5 37. Rxa4 d3 38. Ke1 Rc2 39. h4 Rg2 40. g4
h6 41. h5 gxh5 42. gxh5 Rg5 43. Kd2 Rxh5 44. Kxd3 Re5 45. Rxa7 h5 46. Kd4 Re1
47. Kd3 Kg6 48. Kd2 Re6 49. Ra8 f5 50. Rg8+ Kf6 51. Rf8+ Kg5 52. Rg8+ Rg6 53.
Re8 Kf4 54. Ke2 Rg2+ 55. Kf1 Ra2 56. Rh8 Kf3 57. Kg1 h4 58. Rh7 Ra4 59. Rb7 Kg3
60. Rg7+ Rg4 61. Rh7 f4 62. Ra7 f3 63. Rf7 Rd4 64. Rg7+ Kf4 65. Rf7+ Ke3 66.
Re7+ Re4 67. Ra7 h3 68. Ra3+ Kf4 69. Ra8 Kg3 70. Rg8+ Rg4 71. Ra8 f2+ 72. Kf1
h2 73. Rh8 Rh4 74. Rg8+ Kh3 75. Kxf2 h1=Q 0-1

[Event "Monroe (MI Op/6/19)"]
[Site "?"]
[Date "1986.??.??"]
[Round "?"]
[White "Bailey, Greg"]
[Black "Pokrzywa, J.."]
[Result "1-0"]
[WhiteElo "2065"]
[BlackElo "1820"]
[PlyCount "101"]
[EventDate "1986.??.??"]

{6/(19)} 1. d4 d5 2. c4 e6 3. cxd5 exd5 4. Nc3 c6 5. Nf3 Nf6 6. Bg5 Be7 7. e3
Ne4 8. Bxe7 Qxe7 9. Bd3 f5 10. Ne5 O-O 11. O-O Nd7 12. f4 Ndf6 13. Qc2 Bd7 14.
a3 Kh8 15. Bxe4 Nxe4 16. Nxe4 fxe4 17. b4 Be8 18. Rac1 a5 19. Qc5 Qxc5 20. bxc5
g6 21. Rb1 Ra7 22. Rf2 Rg8 23. Rfb2 Rg7 24. g4 h5 25. h3 hxg4 26. hxg4 Re7 27.
Kg2 Kg7 28. Kg3 Kf6 29. g5+ Ke6 30. Rh1 Rg7 31. Rh6 Bf7 32. Rh8 Bg8 33. Rh6 Bf7
34. f5+ Kxf5 35. Kh4 Ke6 36. Rf2 Ra8 37. Nxf7 Rxf7 38. Rxg6+ Ke7 39. Rxf7+ Kxf7
40. Kh5 Re8 41. Rh6 Kg8 42. Rd6 Re7 43. g6 Kg7 44. Kg5 Rc7 45. Rf6 Rd7 46. a4
Re7 47. Rf1 Kg8 48. Kf6 Kf8 49. Rh1 Rg7 50. Rh8+ Rg8 51. g7+ 1-0

[Event "Monroe (MI Op/7/16)"]
[Site "?"]
[Date "1986.??.??"]
[Round "?"]
[White "Bailey, Greg"]
[Black "Mason, A.."]
[Result "1-0"]
[WhiteElo "2065"]
[BlackElo "1890"]
[PlyCount "93"]
[EventDate "1986.??.??"]

{7/(16)} 1. d4 Nf6 2. g3 d5 3. Bg2 e6 4. c4 Nbd7 5. cxd5 exd5 6. Nc3 c6 7. Nf3
Bd6 8. O-O O-O 9. Qd3 Re8 10. Nh4 Nf8 11. Nf5 Bxf5 12. Qxf5 Qc8 13. Qxc8 Raxc8
14. Bg5 N8d7 15. Bh3 Rc7 16. Bxd7 Nxd7 17. Rac1 f6 18. Bf4 Bxf4 19. gxf4 Rcc8
20. Rfd1 Nb6 21. e3 Nc4 22. b3 Nd6 23. Rc2 Ne4 24. Na4 Re7 25. Rdc1 Rec7 26.
Nc3 Nxc3 27. Rxc3 f5 28. b4 Kf7 29. b5 Ke6 30. bxc6 Rxc6 31. Rxc6+ Rxc6 32.
Rxc6+ bxc6 33. Kf1 Kd6 34. Ke2 c5 35. dxc5+ Kxc5 36. Kd3 Kb4 37. Kd4 a5 38. f3
a4 39. Kxd5 Ka3 40. e4 Kxa2 41. e5 a3 42. e6 Kb3 43. e7 a2 44. e8=Q a1=Q 45.
Qb5+ Kc2 46. Qe2+ Kb3 47. Qc4+ 1-0

[Event "Monroe (MI Op/1a/14)"]
[Site "?"]
[Date "1986.??.??"]
[Round "?"]
[White "Bailey, Greg"]
[Black "Lynch, W.."]
[Result "1-0"]
[WhiteElo "2065"]
[BlackElo "1610"]
[PlyCount "47"]
[EventDate "1986.??.??"]

1. f4 d5 2. d4 Bg4 3. h3 Bf5 4. Nf3 Nd7 5. Nbd2 e6 6. e3 Be7 7. Bd3 Bh4+ 8. Ke2
Bxd3+ 9. cxd3 Nh6 10. g4 Be7 11. Nf1 f6 12. Ng3 g6 13. Bd2 f5 14. g5 Nf7 15.
Bc3 c6 16. Qb3 Qc7 17. h4 O-O-O 18. h5 Nxg5 19. Nxf5 exf5 20. fxg5 Rde8 21.
hxg6 hxg6 22. Rxh8 Rxh8 23. Rg1 Bxg5 24. Rxg5 1-0

[Event "Dearborn (MEX/4)"]
[Site "Dearborn"]
[Date "1986.??.??"]
[Round "?"]
[White "Avery, Robert W"]
[Black "Thompson, Dexter"]
[Result "1-0"]
[WhiteElo "2185"]
[BlackElo "2180"]
[PlyCount "100"]
[EventDate "1986.??.??"]

1. c4 e6 2. Nc3 Nf6 3. e4 c5 4. Nf3 Nc6 5. d4 d5 6. cxd5 exd5 7. exd5 Nxd5 8.
Bb5 Nxc3 9. bxc3 Bd7 10. O-O Be7 11. d5 Nb8 12. Bxd7+ Nxd7 13. Re1 O-O 14. Rb1
Nb6 15. c4 Re8 16. Qd3 Qd7 17. Bf4 Qa4 18. Bc7 Qxc4 19. Qxc4 Nxc4 20. Rxb7 Kf8
21. Kf1 Bd6 22. Rc1 Re4 23. Rxc4 Rxc4 24. Bxd6+ Kg8 25. Rc7 Rc2 26. Rxc5 Rxa2
27. Bc7 Re8 28. Ne5 f6 29. d6 Rd2 30. d7 Rf8 31. d8=Q Rfxd8 32. Bxd8 Rxd8 33.
Nc6 Rd7 34. Ra5 Rc7 35. Nxa7 Rc1+ 36. Ke2 Rc2+ 37. Kf3 Rc3+ 38. Kg4 Rc4+ 39.
Kg3 Kf7 40. Nb5 Kg6 41. Nd6 Rd4 42. Nf5 Rd3+ 43. Ne3 Rd2 44. Rd5 Ra2 45. Nf5
Ra3+ 46. f3 Ra7 47. h4 Kf7 48. Nd4 Rc7 49. Kf4 Ra7 50. g4 Rc7 1-0

[Event "Dearborn (MEX/2)"]
[Site "Dearborn"]
[Date "1986.??.??"]
[Round "?"]
[White "Avery, Robert W"]
[Black "Baudry, Pascal"]
[Result "1/2-1/2"]
[WhiteElo "2185"]
[BlackElo "2070"]
[PlyCount "86"]
[EventDate "1986.??.??"]

1. c4 Nf6 2. Nc3 e5 3. Nf3 Nc6 4. e3 d5 5. cxd5 Nxd5 6. Bb5 Nxc3 7. bxc3 Bd6 8.
d4 Bd7 9. Rb1 e4 10. Nd2 Qg5 11. g3 Qg6 12. d5 Ne5 13. Bxd7+ Nxd7 14. Qa4 f5
15. Rxb7 Qf7 16. Nc4 Qxd5 17. Nxd6+ Qxd6 18. Ba3 Qd3 19. Qd4 Qxd4 20. cxd4 Rb8
21. Rxc7 Rb1+ 22. Rc1 Rxc1+ 23. Bxc1 Nb6 24. Ke2 Nd5 25. Bd2 Kd7 26. Rb1 Kc6
27. h3 g5 28. g4 f4 29. f3 exf3+ 30. Kxf3 fxe3 31. Bxe3 Rf8+ 32. Ke2 Re8 33.
Rb3 Nf4+ 34. Kf3 Nxh3 35. Ra3 Re7 36. d5+ Kxd5 37. Rxa7 Rxa7 38. Bxa7 Nf4 39.
Be3 h5 40. gxh5 Nxh5 41. Bxg5 Kc4 42. Ke4 Kb4 43. Be7+ Ka4 1/2-1/2

[Event "Monroe (MI Op/2/12)"]
[Site "?"]
[Date "1986.??.??"]
[Round "?"]
[White "Armstead, Curt"]
[Black "Hahn, David"]
[Result "0-1"]
[WhiteElo "1975"]
[BlackElo "2140"]
[PlyCount "70"]
[EventDate "1986.??.??"]

{2/(12)} 1. d4 g6 2. c4 Bg7 3. Nc3 Nf6 4. e4 d6 5. f3 O-O 6. Be3 c5 7. d5 e6 8.
Bd3 exd5 9. cxd5 a6 10. a4 Nbd7 11. Nge2 Qc7 12. O-O Ne5 13. Bc2 Bd7 14. Bd3 c4
15. Bc2 b5 16. Nd4 b4 17. Nce2 b3 18. Bb1 Rab8 19. Nc3 Rfc8 20. Qd2 Be8 21. h3
Rb7 22. g4 Ned7 23. f4 Nc5 24. Qg2 Rb4 25. g5 Nh5 26. Qf2 Nxa4 27. Rxa4 Rxa4
28. Nxa4 Bxa4 29. Bd2 Bb5 30. Bc3 Qc5 31. f5 Ng3 32. Rd1 Be5 33. f6 Bd7 34. Kg2
Nh5 35. Qh4 Bg3 0-1

[Event "Monroe (MI Op/4/25)"]
[Site "?"]
[Date "1986.??.??"]
[Round "?"]
[White "Armstead, Curt"]
[Black "Fletcher, G.."]
[Result "1-0"]
[WhiteElo "1975"]
[BlackElo "1605"]
[PlyCount "53"]
[EventDate "1986.??.??"]

{4/(25)} 1. d4 d5 2. c4 e6 3. Nc3 Nf6 4. Bg5 Be7 5. e3 Nc6 6. Nf3 O-O 7. Rc1
Re8 8. a3 Ne4 9. Bxe7 Qxe7 10. cxd5 Nxc3 11. Rxc3 exd5 12. Qb3 Qd6 13. Bb5 Bd7
14. Bxc6 Bxc6 15. Ne5 Bd7 16. O-O Bf5 17. Qxb7 Rec8 18. Rfc1 Rab8 19. Qc6 Qe7
20. b4 f6 21. Qxd5+ Be6 22. Nc6 Qe8 23. Qc5 Rd8 24. Nxd8 Rxd8 25. Qxc7 Rc8 26.
Qxc8 Bxc8 27. Rxc8 1-0

[Event "Monroe (MI Op/5/13)"]
[Site "?"]
[Date "1986.??.??"]
[Round "?"]
[White "Andrews, Steve"]
[Black "Stefanski, Mark"]
[Result "1-0"]
[WhiteElo "2220"]
[BlackElo "1910"]
[PlyCount "23"]
[EventDate "1986.??.??"]

{5/(13)} 1. d4 Nf6 2. c4 e5 3. dxe5 Ng4 4. Nf3 Bc5 5. e3 Qe7 6. Nc3 Nxe5 7. Be2
Nbc6 8. Nd5 Qd6 9. Nd4 Ne7 10. Nb5 Bb4+ 11. Kf1 Qc6 12. Nxb4 1-0

[Event "Monroe (MI Op/6/8)"]
[Site "?"]
[Date "1986.??.??"]
[Round "?"]
[White "Andrews, Steve"]
[Black "Rogan, M.."]
[Result "1-0"]
[WhiteElo "2220"]
[BlackElo "2080"]
[PlyCount "61"]
[EventDate "1986.??.??"]

{6/(8)} 1. d4 Nf6 2. c4 g6 3. Nc3 d5 4. Bg5 Ne4 5. Nxe4 dxe4 6. e3 c5 7. Ne2
Qa5+ 8. Nc3 Bg7 9. Qd2 cxd4 10. exd4 Nc6 11. d5 Nb4 12. Be2 Bf5 13. O-O h6 14.
Bf4 g5 15. Be3 Rc8 16. a3 Nd3 17. b4 Qc7 18. c5 O-O 19. f3 Nf4 20. Bc4 exf3 21.
Rxf3 Rfd8 22. Rc1 Be5 23. Bd4 Bg4 24. Re3 Bxd4 25. Qxd4 Bf5 26. Rce1 e6 27. Nb5
Qd7 28. Nd6 Rc7 29. Nxf5 exf5 30. Qf6 Nxd5 31. Bxd5 1-0

[Event "Monroe (MI Op/2/3)"]
[Site "?"]
[Date "1986.??.??"]
[Round "?"]
[White "Andrews, Steve"]
[Black "Feldstein, R.."]
[Result "1-0"]
[WhiteElo "2220"]
[BlackElo "2025"]
[PlyCount "71"]
[EventDate "1986.??.??"]

{2/(3)} 1. d4 Nf6 2. c4 c5 3. d5 b5 4. cxb5 a6 5. Nc3 axb5 6. e4 b4 7. Nb5 Bb7
8. Bc4 Ra5 9. Bg5 Nxe4 10. Qe2 Rxb5 11. Bxb5 Nxg5 12. f4 Bxd5 13. fxg5 Nc6 14.
Bxc6 Bxc6 15. Nf3 Qb6 16. Ne5 d6 17. Nc4 Qc7 18. O-O h6 19. g6 f6 20. Nxd6+
Qxd6 21. Rad1 Bd5 22. Rxd5 Qxd5 23. Rd1 Qxd1+ 24. Qxd1 e5 25. Qd5 h5 26. Kf1
Ke7 27. h4 Ke8 28. Ke2 Ke7 29. Kd3 Rh6 30. Qf7+ Kd6 31. Qxf8+ Kd5 32. Qf7+ Kc6
33. Qxg7 Kb5 34. Qb7+ Ka5 35. Kc4 Rh7 36. Qb5# 1-0

[Event "Monroe (RVO/5/15)"]
[Site "?"]
[Date "1986.??.??"]
[Round "?"]
[White "Almquist, W.."]
[Black "Turner, D.."]
[Result "1-0"]
[WhiteElo "1775"]
[BlackElo "1855"]
[PlyCount "63"]
[EventDate "1986.??.??"]

{5/(15)} 1. d4 Nf6 2. c4 c5 3. d5 d6 4. Nc3 g6 5. e4 Bg7 6. f4 O-O 7. Nf3 e6 8.
dxe6 fxe6 9. Bd3 Nc6 10. O-O Nd4 11. Nxd4 cxd4 12. Ne2 Ng4 13. Qe1 Nh6 14. b3
d5 15. cxd5 exd5 16. e5 Bf5 17. Bxf5 Nxf5 18. Ng3 Qb6 19. Nxf5 Rxf5 20. Kh1 Qb5
21. Ba3 Rc8 22. Rf2 Qd3 23. Qa5 Qe3 24. Qxd5+ Rf7 25. Rf3 Qd2 26. e6 Re7 27.
Bxe7 Rc1+ 28. Rf1 Rxf1+ 29. Rxf1 h5 30. Bb4 Qe2 31. e7+ Kh7 32. Re1 1-0

[Event "Warren (MCO/2/15)"]
[Site "?"]
[Date "1986.??.??"]
[Round "?"]
[White "Almquist, W.."]
[Black "Thomas, C.."]
[Result "0-1"]
[WhiteElo "1775"]
[BlackElo "2005"]
[PlyCount "86"]
[EventDate "1986.??.??"]

{2/(15)} 1. d4 Nf6 2. c4 g6 3. Nc3 Bg7 4. e4 d6 5. Nf3 O-O 6. Be2 Nbd7 7. O-O
e5 8. dxe5 dxe5 9. Qc2 c6 10. Rd1 Qc7 11. b3 Re8 12. Ba3 Bf8 13. Bxf8 Nxf8 14.
Rd2 Bg4 15. Rad1 Bxf3 16. Bxf3 Ne6 17. Ne2 Rac8 18. g3 c5 19. Bg2 Nd4 20. Nxd4
exd4 21. f3 h5 22. Bf1 h4 23. Bd3 hxg3 24. e5 Rxe5 25. hxg3 Rg5 26. f4 Rxg3+
27. Rg2 Qxf4 28. Bxg6 Rxg2+ 29. Qxg2 Qg4 30. Qxg4 Nxg4 31. Bd3 Ne3 32. Re1 Kg7
33. Kf2 Rh8 34. Rxe3 dxe3+ 35. Kxe3 Kf6 36. a3 Ke5 37. b4 Rh3+ 38. Kd2 Kd4 39.
Bf5 Rh2+ 40. Ke1 Kxc4 41. bxc5 Kxc5 42. a4 b6 43. Bd7 a6 0-1

[Event "Monroe (RVO/2/16)"]
[Site "?"]
[Date "1986.??.??"]
[Round "?"]
[White "Almquist, W.."]
[Black "Mitchell, S.."]
[Result "0-1"]
[WhiteElo "1775"]
[BlackElo "2080"]
[PlyCount "74"]
[EventDate "1986.??.??"]

{2/(16)} 1. e4 e6 2. d4 a6 3. c4 b5 4. cxb5 axb5 5. Bxb5 Bb7 6. Nc3 Bb4 7. Bd3
f5 8. f3 Qh4+ 9. g3 Qh5 10. Bd2 Nf6 11. exf5 O-O 12. Ne4 Bxd2+ 13. Nxd2 exf5
14. Ne2 Bxf3 15. Nxf3 Qxf3 16. Rf1 Qe3 17. Qd2 Qxd2+ 18. Kxd2 g6 19. Rfc1 c6
20. Nc3 d5 21. b4 Ne4+ 22. Bxe4 fxe4 23. Nd1 Ra3 24. Rc3 Rxc3 25. Kxc3 Rf3+ 26.
Kb2 Rd3 27. a4 Rxd4 28. Kc3 Rc4+ 29. Kb3 Kf7 30. b5 Ke6 31. b6 c5 32. a5 Na6
33. Ra4 Rc1 34. Nc3 e3 35. Ra2 d4 36. Ne2 c4+ 37. Ka3 Rd1 0-1

[Event "Warren (MCO/4/20)"]
[Site "?"]
[Date "1986.??.??"]
[Round "?"]
[White "Almquist, W.."]
[Black "Bohley, D.."]
[Result "1/2-1/2"]
[WhiteElo "1775"]
[BlackElo "2030"]
[PlyCount "71"]
[EventDate "1986.??.??"]

{4/(20)} 1. d4 d5 2. c4 e6 3. Nc3 c5 4. cxd5 exd5 5. Bf4 Nc6 6. Nf3 Nf6 7. e3
Bg4 8. Bb5 Rc8 9. h3 Bxf3 10. Qxf3 a6 11. Bxc6+ Rxc6 12. dxc5 Rxc5 13. O-O Be7
14. Rfd1 O-O 15. Rd4 Qa5 16. Rad1 Rxc3 17. bxc3 Qxa2 18. Be5 Qb3 19. Rf4 Qb6
20. Bxf6 Bxf6 21. Rxd5 Bxc3 22. Rdf5 Qb3 23. e4 g6 24. Rc5 Qb1+ 25. Kh2 Bb4 26.
Rd5 Qc1 27. e5 Bd2 28. Rfd4 Bh6 29. Rd8 b5 30. Qf6 Bg7 31. Rxf8+ Bxf8 32. Rd8
Qc5 33. e6 fxe6 34. Qxe6+ Kg7 35. Rd7+ Kh6 36. Qf7 1/2-1/2

[Event "Kalamazoo (WMUSO/2/12)"]
[Site "?"]
[Date "1986.??.??"]
[Round "?"]
[White "Allen, B.."]
[Black "Hobbs, Raymond"]
[Result "0-1"]
[WhiteElo "1605"]
[BlackElo "1775"]
[PlyCount "66"]
[EventDate "1986.??.??"]

{2/(12)} 1. b3 d5 2. Bb2 c5 3. e3 Nc6 4. Bb5 a6 5. Bxc6+ bxc6 6. d4 e6 7. Ne2
Qg5 8. Ng3 f5 9. Qh5+ Qxh5 10. Nxh5 cxd4 11. Bxd4 Kf7 12. Nd2 Nf6 13. Nf4 Bd6
14. Bxf6 gxf6 15. c4 e5 16. Nh5 Rg8 17. O-O Rg5 18. Ng3 e4 19. f4 Rg6 20. Rad1
Bc5 21. Rfe1 d4 22. exd4 Bxd4+ 23. Kh1 Bf2 24. Rf1 Bxg3 25. hxg3 e3 26. Rfe1
exd2 27. Rxd2 Rg8 28. Kh2 Ra7 29. Rde2 c5 30. Rd2 Re8 31. Red1 Rc7 32. Rd6 Ree7
33. Rxa6 Bxa6 0-1

[Event "Warren (MCO/1/4)"]
[Site "?"]
[Date "1986.??.??"]
[Round "?"]
[White "Alayli, S.."]
[Black "Poschel, Paul"]
[Result "0-1"]
[WhiteElo "1660"]
[BlackElo "2265"]
[PlyCount "48"]
[EventDate "1986.??.??"]

{1/(4)} 1. e4 c5 2. Nf3 e6 3. d4 cxd4 4. Nxd4 Nf6 5. Nc3 Nc6 6. Bg5 h6 7. Nxc6
bxc6 8. Bf4 d5 9. exd5 exd5 10. Qe2+ Be7 11. g3 O-O 12. Bg2 a5 13. Qd2 Ba6 14.
Ne2 Bxe2 15. Qxe2 Bb4+ 16. Kf1 Re8 17. Qd3 Qb6 18. Be3 Bc5 19. Bxc5 Qxc5 20.
Bf3 Ne4 21. Bxe4 Rxe4 22. Rd1 Rae8 23. Kg2 Re2 24. Rd2 Qxf2+ 0-1

[Event "Warren (MCO/3/21)"]
[Site "?"]
[Date "1986.??.??"]
[Round "?"]
[White "Alayli, G.."]
[Black "Lang, J.."]
[Result "0-1"]
[WhiteElo "1660"]
[BlackElo "2105"]
[PlyCount "48"]
[EventDate "1986.??.??"]

{3/(21)} 1. e4 e6 2. d4 d5 3. Nd2 Nf6 4. e5 Nfd7 5. f4 c5 6. c3 Be7 7. Ndf3 Nc6
8. Ne2 O-O 9. Ng3 a6 10. Qc2 b5 11. Bd3 f5 12. h4 cxd4 13. Ng5 Nb6 14. Bd2 Bd7
15. O-O-O dxc3 16. Bxc3 b4 17. Be1 Rc8 18. Bxa6 Rc7 19. Kb1 Qa8 20. Be2 Rfc8
21. Rc1 b3 22. Qxb3 Nd4 23. Rxc7 Nxb3 24. Rxc8+ Qxc8 {[Remainder illegible;
0-1, 39?]} 0-1

[Event "Kalamazoo (WMUSO/4/6)"]
[Site "?"]
[Date "1986.??.??"]
[Round "?"]
[White "Ahmadi, R.."]
[Black "Harrold, Alvin"]
[Result "1-0"]
[WhiteElo "1850"]
[BlackElo "1830"]
[PlyCount "90"]
[EventDate "1986.??.??"]

{4/(6)} 1. e4 e6 2. d4 d5 3. Nd2 c5 4. exd5 Qxd5 5. Ngf3 cxd4 6. Bc4 Qh5 7. O-O
Nc6 8. Nb3 e5 9. Re1 Bg4 10. Be2 Be7 11. h3 Bxf3 12. Bxf3 Qg6 13. Bxc6+ bxc6
14. Rxe5 O-O-O 15. Qe2 d3 16. cxd3 Qxd3 17. Qxd3 Rxd3 18. Be3 Rd7 19. Ra5 Kb8
20. Rc1 Bb4 21. Ra4 Bf8 22. Rxc6 Ne7 23. Rca6 Nc8 24. Nd4 Kb7 25. Nb5 Rd1+ 26.
Kh2 Bd6+ 27. Nxd6+ Rxd6 28. Rxd6 Nxd6 29. Rxa7+ Kc6 30. a3 Nb7 31. b4 Rb8 32.
a4 Nd8 33. b5+ Kd5 34. a5 Rxb5 35. Rd7+ Ke6 36. Rxd8 Rxa5 37. Kg3 g6 38. Rb8
Kf5 39. Rb6 Rd5 40. Kf3 h5 41. Rb7 Ke6 42. h4 Rf5+ 43. Bf4 Rd5 44. Ke4 Rd1 45.
Rb6+ Kd7 1-0

[Event "Taylor (SEMO/1/5)"]
[Site "?"]
[Date "1986.??.??"]
[Round "?"]
[White "Accad, W.."]
[Black "Polk, R.."]
[Result "0-1"]
[WhiteElo "1915"]
[BlackElo "2140"]
[PlyCount "50"]
[EventDate "1986.??.??"]

{1/(5)} 1. d4 d5 2. c4 c6 3. Nc3 Nf6 4. Nf3 e6 5. Bg5 Nbd7 6. e3 Qa5 7. Qc2 Ne4
8. Bf4 Bb4 9. Rc1 Qxa2 10. Bd3 Bxc3+ 11. bxc3 Qxc2 12. Rxc2 O-O 13. Bxe4 dxe4
14. Ng5 e5 15. dxe5 Nc5 16. Rd2 h6 17. Nh3 Be6 18. Rd4 a5 19. Ng1 a4 20. Ne2 a3
21. O-O a2 22. Ra1 Nb3 23. Rdd1 Nxa1 24. Rxa1 Bxc4 25. Nc1 Rfd8 0-1